Life isn't all ha ha hee hee / (Record no. 25787)
[ view plain ]
| 000 -LEADER | |
|---|---|
| fixed length control field | 00881 a2200217 4500 |
| 008 - FIXED-LENGTH DATA ELEMENTS--GENERAL INFORMATION | |
| fixed length control field | 090314t xxu||||| |||| 00| 0 eng d |
| 010 ## - LCCN (DPL NO) | |
| LC control number | B-284473 |
| 020 ## - INTERNATIONAL STANDARD BOOK NUMBER | |
| Terms of availability | 369.00 |
| International Standard Book Number | 9780552999526 |
| 035 ## - SYSTEM CONTROL NUMBER | |
| System control number | B-284473 |
| 037 ## - SOURCE OF ACQUISITION | |
| Source of stock number/acquisition | Pansy Books |
| 040 ## - CATALOGING SOURCE | |
| Original cataloging agency | dpl |
| Language of cataloging | English |
| 082 ## - DEWEY DECIMAL CLASSIFICATION NUMBER | |
| Classification number | N |
| 100 ## - MAIN ENTRY--PERSONAL NAME | |
| Personal name | Syal, Meera |
| 245 ## - TITLE STATEMENT | |
| Title | Life isn't all ha ha hee hee / |
| Statement of responsibility, etc | by Meera Syal |
| 260 ## - PUBLICATION, DISTRIBUTION, ETC. (IMPRINT) | |
| Place of publication, distribution, etc | London |
| Name of publisher, distributor, etc | Black Swan Books |
| Date of publication, distribution, etc | 2000 |
| 270 ## - ADDRESS | |
| City | London |
| Address | 61-63 Uxbridge Road, |
| Postal code | W5 5SA |
| 300 ## - PHYSICAL DESCRIPTION | |
| Extent | 333p. |
| Dimensions | 20cm. (pbk) |
| 942 ## - ADDED ENTRY ELEMENTS (KOHA) | |
| Institution code [OBSOLETE] | dpl |
| Item type | English Books |
| Source of classification or shelving scheme | Dewey Decimal Classification |
| Classification part | N |
| Call number suffix | SYA |
| Withdrawn status | Lost status | Source of classification or shelving scheme | Damaged status | Not for loan | Collection code | Home library | Current library | Date acquired | Source of acquisition | Cost, normal purchase price | Total Checkouts | Full call number | Barcode | Date last seen | Copy number | Cost, replacement price | Koha item type |
|---|---|---|---|---|---|---|---|---|---|---|---|---|---|---|---|---|---|
| Dewey Decimal Classification | Fiction | Vinoba Puri | Vinoba Puri | 17/04/2009 | Pansy/782/5.8.08/184/21.7.08/13.8.08 | 369.00 | 17 | N SYA | B-284473 | 05/01/2018 | 1 | 369.00 | English Books |
